000 01296nam a2200277Ia 4500
003 Ost
005 20260507075004.0
008 260507s9999||||xx |||||||||||||| ||und||
020 _a9957120409
040 _cfsecg
041 _aara
082 _a330
100 _aالوادي، محمود
_eمؤلف
245 0 _aالأساس في علم الإقتصاد /
_c محمود الوادي
260 _aعمان:
_bدار اليازوري العلمية,
_c2007
300 _a336 صفحة؛
_bإيضاحات ؛
_c25 سم
504 _aبيبليوغرافيا: ص.335 (إقتناءات 2014 3ن)
520 _aيضم مدخل عام للإقتصاد، عناصر الإنتاج ونظرية الطلب، تحديد الأثمان، السوق ، الإستهلاك والإستثمار، الدخل القومي والناتج القومي، الأجور والبطالة والتضخم ، السياسة النقدية والمالية ، لنقود والبنوك ، التجارة الخارجية والتنمية الإقتصادية.
653 _aالإستثمار
653 _aالإستهلاك
653 _aالإنتاج
653 _aالسوق
653 _aعلم الاقتصاد
700 _aخريس، ابراهيم
_eمؤلف ثانوي
942 _cكتاب
999 _c42099
_d42099